[Event "Napoli Autunno Vomero op-A"]
[Site "Napoli"]
[Date "2016.09.08"]
[Round "1"]
[White "Gallo, Thomas Renato"]
[Black "Pellegrino, Giovanni"]
[Result "1-0"]
[WhiteElo "1837"]
[BlackElo "1561"]
[PlyCount "81"]
[EventDate "2016.09.08"]
[EventType "swiss"]
[EventRounds "7"]
[EventCountry "ITA"]
[SourceTitle "EXT 2018"]
[Source "ChessBase"]
[SourceDate "2017.10.13"]
[SourceVersion "1"]
[SourceVersionDate "2017.10.13"]
[SourceQuality "1"]

1. d4 b6 2. c4 e6 3. Nf3 Bb7 4. a3 f5 5. Nc3 d6 6. e3 Nf6 7. Bd3 Be7 8. 0-0 0-0 9. Re1 Nbd7 10. Ng5 Nd5 11. Nxe6 Nxc3 12. bxc3 Qc8 13. Nxf8 Qxf8 14. e4 fxe4 15. Bxe4 c6 16. Qa4 Nf6 17. Bxc6 Bxc6 18. Qxc6 Rc8 19. Qb7 Re8 20. h3 d5 21. cxd5 Bd6 22. Re6 Rb8 23. Qc6 Rd8 24. Bg5 h6 25. Bxf6 gxf6 26. Rae1 Rc8 27. Qxd6 Qxd6 28. Rxd6 Rxc3 29. Rxf6 Rc7 30. Rxh6 Rd7 31. d6 Kg7 32. Re7+ Rxe7 33. dxe7 Kxh6 34. e8Q b5 35. d5 b4 36. axb4 a5 37. d6 axb4 38. d7 b3 39. d8Q b2 40. Qf6+ Kh7 41. Qeg6# 1-0

[Event "Napoli Giglio Memorial"]
[Site "Napoli"]
[Date "2015.09.10"]
[Round "1"]
[White "Ficco, Corrado"]
[Black "Pellegrino, Giovanni"]
[Result "1-0"]
[WhiteElo "2033"]
[BlackElo "1523"]
[PlyCount "33"]
[EventDate "2015.09.10"]
[EventType "swiss"]
[EventRounds "4"]
[EventCountry "ITA"]
[SourceTitle "EXT 2024"]
[Source "ChessBase"]
[SourceDate "2023.10.10"]
[SourceVersion "1"]
[SourceVersionDate "2023.10.10"]
[SourceQuality "1"]

1. e4 e6 2. d4 d5 3. Nc3 Nf6 4. Bg5 Be7 5. e5 Nfd7 6. Bxe7 Qxe7 7. f4 a6 8. Nf3 c5 9. dxc5 Nxc5 10. Bd3 Nc6 11. 0-0 0-0 12. Bxh7+ Kh8 13. Bd3 f6 14. Nh4 Qf7 15. Bg6 Qc7 16. Qh5+ Kg8 17. Qh7# 1-0

[Event "Napoli Province-ch"]
[Site "Napoli"]
[Date "2014.01.23"]
[Round "6"]
[White "Solombrino, Giovanni"]
[Black "Pellegrino, Giovanni"]
[Result "1-0"]
[WhiteElo "1860"]
[BlackElo "1380"]
[PlyCount "45"]
[EventDate "2013.12.05"]
[EventType "swiss"]
[EventRounds "7"]
[EventCountry "ITA"]
[SourceTitle "EXT 2015"]
[Source "ChessBase"]
[SourceDate "2014.11.20"]
[SourceVersion "1"]
[SourceVersionDate "2014.11.20"]
[SourceQuality "1"]

1. e4 e6 2. d4 d5 3. Nd2 Nf6 4. e5 Nfd7 5. Bd3 c5 6. c3 Nc6 7. Ne2 Qb6 8. Nf3 Be7 9. 0-0 f6 10. exf6 Nxf6 11. Ng3 0-0 12. Re1 cxd4 13. cxd4 Kh8 14. Bc2 Bd6 15. a3 Re8 16. Ne5 Bxe5 17. dxe5 Nd7 18. Qh5 g6 19. Bxg6 Re7 20. Bg5 Rg7 21. Bd3 Ncxe5 22. Rxe5 Nxe5 23. Qe8+ 1-0

[Event "Napoli Porreca Memorial 3rd"]
[Site "Napoli"]
[Date "2013.10.17"]
[Round "4"]
[White "Baccelliere, Donato"]
[Black "Pellegrino, Giovanni"]
[Result "1-0"]
[WhiteElo "1422"]
[BlackElo "1416"]
[PlyCount "41"]
[EventDate "2013.09.26"]
[EventType "swiss"]
[EventRounds "7"]
[EventCountry "ITA"]
[SourceTitle "EXT 2015"]
[Source "ChessBase"]
[SourceDate "2014.11.20"]
[SourceVersion "1"]
[SourceVersionDate "2014.11.20"]
[SourceQuality "1"]

1. e4 a6 2. Nc3 b5 3. a3 Bb7 4. d4 Nf6 5. Bd3 e6 6. Nf3 c5 7. dxc5 Bxc5 8. Be3 Qb6 9. Bxc5 Qxc5 10. h3 b4 11. Na4 Qa5 12. axb4 Qxb4+ 13. c3 Qe7 14. b4 Nxe4 15. Qe2 Nf6 16. Qe3 Nd5 17. Qd4 0-0 18. 0-0 Qf6 19. Qc5 Rc8 20. Qd4 Qg5 21. Nxg5 1-0

[Event "Napoli Porreca Memorial 3rd"]
[Site "Napoli"]
[Date "2013.10.10"]
[Round "3"]
[White "Pellegrino, Giovanni"]
[Black "Somma, Erminio"]
[Result "0-1"]
[WhiteElo "1416"]
[BlackElo "1527"]
[PlyCount "64"]
[EventDate "2013.09.26"]
[EventType "swiss"]
[EventRounds "7"]
[EventCountry "ITA"]
[SourceTitle "EXT 2015"]
[Source "ChessBase"]
[SourceDate "2014.11.20"]
[SourceVersion "1"]
[SourceVersionDate "2014.11.20"]
[SourceQuality "1"]

1. d4 f5 2. g3 g6 3. Bg2 Bg7 4. Nf3 Nf6 5. 0-0 0-0 6. Bf4 d6 7. Nc3 Qe8 8. Nb5 Qxb5 9. Re1 Ne4 10. Bg5 Nxg5 11. Nxg5 e5 12. dxe5 Qxe5 13. Bd5+ Kh8 14. Nf7+ Rxf7 15. Bxf7 Be6 16. Bxe6 Qxe6 17. c3 f4 18. Qd2 fxg3 19. hxg3 Nd7 20. Qd3 Ne5 21. Qe4 d5 22. Qb4 b6 23. Rad1 c6 24. Qf4 Rf8 25. Qa4 a5 26. Kg2 Ng4 27. Rd4 Rxf2+ 28. Kg1 Qe3 29. Rxg4 Rf4+ 30. Kg2 Qf2+ 31. Kh3 Rxa4 32. Rxa4 Qxe1 0-1